Loading...
| Science - Other | 0 | 11 | 0 | 0 | 110 | 20 | 52.27 | 10 | 11 | 57.83 | 96.97 |
| Science - Chemistry | 0 | 8 | 1 | 0 | 75 | 67 | 96.88 | 3 | 8 | 14.08 | 56.06 |
| Science - Physics | 0 | 8 | 3 | 0 | 65 | 45 | 67.88 | 8 | 8 | 33.83 | 72.73 |
| Science - Biology | 0 | 7 | 1 | 0 | 65 | 40 | 90.00 | 2 | 7 | 17.87 | 53.03 |
| Philosophy | 0 | 4 | 1 | 0 | 35 | 31 | 60.75 | 2 | 3 | 18.93 | 30.30 |
| Religion | 0 | 3 | 1 | 0 | 25 | 60 | 85.67 | 1 | 2 | 10.40 | 19.70 |
| Fine Arts - Classical Music | 0 | 2 | 0 | 0 | 20 | 72 | 93.50 | 1 | 1 | 4.09 | 9.09 |
| Social Science | 0 | 2 | 1 | 0 | 15 | 55 | 75.50 | 1 | 2 | 7.67 | 15.15 |
| Literature - British | 0 | 1 | 0 | 1 | 10 | 154 | 154.00 | 0 | 0 | 0.00 | 4.55 |
| Literature - American | 0 | 1 | 0 | 0 | 10 | 130 | 130.00 | 0 | 0 | 0.07 | 1.52 |
| History - European | 0 | 1 | 0 | 0 | 10 | 78 | 78.00 | 0 | 1 | 3.55 | 6.06 |
| Fine Arts - Painting and Sculpture | 0 | 1 | 0 | 0 | 10 | 113 | 113.00 | 0 | 1 | 1.25 | 7.58 |
| Fine Arts - Other | 0 | 0 | 1 | 0 | -5 | 0.00 | 0 | 0 | 0.00 | 0.00 | |
| Current Events | 0 | 0 | 1 | 0 | -5 | 0.00 | 0 | 0 | 0.00 | 0.00 |